Normal view
MARC view
Entry Personal Name
001 - CONTROL NUMBER
- control field: 7889
003 - CONTROL NUMBER IDENTIFIER
- control field: BD-RjUL
005 - DATE AND TIME OF LATEST TRANSACTION
- control field: 20230608104958.0
008 - FIXED-LENGTH DATA ELEMENTS
- fixed length control field: 230608|| aca||aabn | a|a d
040 ## - CATALOGING SOURCE
- Original cataloging agency: BD-RjUL
- Transcribing agency: BD-RjUL
100 ## - HEADING--PERSONAL NAME
- Personal name: Ud-Deen, Md. Mosleh, Supervisor
670 ## - SOURCE DATA FOUND
- Source citation: Work cat.: (BD-RjUL)81520: Biswas, Girish Chandra 7887, Yield Gap Minimization in Mustard Through Agronomic Management Techniques /, 2021